| 000 | 01047nam a22003377a 4500 | ||
|---|---|---|---|
| 001 | BR2011008173 | ||
| 003 | BR-BrBNA | ||
| 005 | 20230928103824.0 | ||
| 007 | ta | ||
| 008 | 230509b bl.||||| |||| 00| 0 por d | ||
| 040 |
_aBR-BrBNA _bpor _cBiblioteca Nacional de Agricultura |
||
| 041 | _a(Por) | ||
| 072 | _aE14 | ||
| 090 | _ E14 BR2011008173 | ||
| 100 | 1 | _aBathke, M.E.M. | |
| 245 | 1 | _aO turismo sustentável rural como alternativa complementar de renda a propriedade agrícola estudo de caso Fazenda Água Santa, São Joaquim , SC | |
| 260 | 3 |
_aFlorianopólis, SC (Brasil): _c2002. |
|
| 300 | _a150 p. | ||
| 500 | _aBibliography p. 126-131 (80 ref.); Summaries (Eng, Por).; 5 illus | ||
| 650 | _aTURISMO | ||
| 650 | _aAGRICULTURA | ||
| 650 | _aPROPRIEDADE RURAL | ||
| 650 | _aIMPACTO ECONÔMICO | ||
| 650 | _aIMPACTO AMBIENTAL | ||
| 650 | _aDESENVOLVIMENTO SUSTENTÁVEL | ||
| 650 | _aGEOGRAFIA | ||
| 650 | _aFAZENDA ÁGUA SANTA | ||
| 650 | _aSÃO JOAQUIM- SC | ||
| 909 |
_a202309 _bLucia _c55 _dLucia Elande |
||
| 942 | _cBK | ||
| 999 |
_c76790 _d76790 |
||